<?xml version="1.0" encoding="UTF-8"?>
<record
    xmlns:xsi="http://www.w3.org/2001/XMLSchema-instance"
    xsi:schemaLocation="http://www.loc.gov/MARC21/slim http://www.loc.gov/standards/marcxml/schema/MARC21slim.xsd"
    xmlns="http://www.loc.gov/MARC21/slim">

  <leader>02044nam a22001697a 4500</leader>
  <controlfield tag="003">SGT</controlfield>
  <datafield tag="020" ind1=" " ind2=" ">
    <subfield code="a">9788121906005</subfield>
  </datafield>
  <datafield tag="082" ind1=" " ind2=" ">
    <subfield code="a">546,MAL</subfield>
  </datafield>
  <datafield tag="100" ind1=" " ind2=" ">
    <subfield code="a">MALIK,WAHID U</subfield>
  </datafield>
  <datafield tag="245" ind1=" " ind2=" ">
    <subfield code="a">SELECTED TOPICS IN INORGANIC CHEMISTRY: FOR vB.SC (HONS.) and M.SC STUDENTS</subfield>
  </datafield>
  <datafield tag="250" ind1=" " ind2=" ">
    <subfield code="a">8TH</subfield>
  </datafield>
  <datafield tag="260" ind1=" " ind2=" ">
    <subfield code="a">NEW DELHI</subfield>
    <subfield code="b">S.CHAND</subfield>
    <subfield code="c">2016</subfield>
  </datafield>
  <datafield tag="300" ind1=" " ind2=" ">
    <subfield code="a">1142</subfield>
  </datafield>
  <datafield tag="650" ind1=" " ind2=" ">
    <subfield code="a">INORGANIC CHEMISTRY</subfield>
  </datafield>
  <datafield tag="653" ind1=" " ind2=" ">
    <subfield code="a">OXIDATION AND REDUCTION,NON - AQUEOUS SOLVENTS, ACIDS AND BASES,HARD AND SOFT ACIDS AND BASES (HSAB), GENERAL CHARACTERISTICS OF TRANSITION METALS (D - BLOCK ELEMENTS),CHEMISTRY OF ELEMENTS OF FIRST TRANSITION SERIES (3D SERIES ELEMENTS),CHEMISTRY OF ELEMENTS OF SECOND TRANSITION SERIES (4D - SERIES ELEMENTS),CHEMISTRY OF ELEMENTS OF THIRD TRANSITION SERIES (5D - SERIES ELEMENTS),&#x2022; CHEMISTRY OF LANTHANIDES (4F - BLOCK ELEMENTS),CHEMISTRY ACTINIDES (5F - BLOCK ELEMENTS),COORDINATION COMPOUNDS: DEFINITION AND TERMINOLOGY,PREPARATION AND APPLICATIONS OF COMPLEXS, NOMENCLATURE OF COORDINATION COMPOUNDS,WERNER'S THEORY OF COORDINATION COMPOUNDS,ISOMERISM IN COORDINATION COMPOUNDS,VALENCE BOND THEORY (VBT) OF COORDINATION COMPOUNDS,CRYSTAL FIELD THEORY (CFT) OF OCTAHEDRAL COMPLEXES,CYRSTAL FIELD THEORY OF TETRAHEDRAL AND CUBIC COMPLEXES,CRYSTAL FIELD THEORY OF SQUARE PLANAR COMPLEXES,SPLITTING OF METAL ION D-ORBITALS IN OTHER CRYSTAL FIELDS,JOHN - TELLER EFFECT AND DISTORTION IN OCTAHEDRAL AND TETRAHEDRAL COMPLEXES,APPLICATIONS OF CRYSTAL FIELD STABILISATION ENERGIES (CFSES),MOLECULAR ORBITAL THEORY (MOT) OF OCTAHEDRAL COMPLEXES,ELECTRONIC ABSORPTION SPECTRA OF TRANSITION METAL COMPLEXES,MAGNETIC PROPERTIES OF TRANSITION METAL COMPLEXS,THERMODYNAMIC AND KINETIC ASPECTS OF METAL COMPLEXES,LIGAND SUBSTITUTION REACTIONS IN OCTAHEDRAL COMPLEXES,LIGAND SUBSTITUTION REACTIONS IN SQUARE PLANAR COMPLEXES,ELECTRON TRANSFER (OXIDATION - REDUCTION) REACTIONS IN COORDINATION COMPOUNDS,TRANSITION METAL COMPLEXES WITH CARBON MONOXIDE: METALLIC CARBONYLS,ORGANOMETALLIC COMPOUNDS,BIOINORGANIC CHEMISTRY,SILICONES AND PHOSPHAZENES</subfield>
  </datafield>
  <datafield tag="942" ind1=" " ind2=" ">
    <subfield code="2">ddc</subfield>
    <subfield code="c">FPS</subfield>
    <subfield code="0">4</subfield>
  </datafield>
  <datafield tag="952" ind1=" " ind2=" ">
    <subfield code="0">0</subfield>
    <subfield code="1">0</subfield>
    <subfield code="2">ddc</subfield>
    <subfield code="4">0</subfield>
    <subfield code="7">0</subfield>
    <subfield code="8">FS</subfield>
    <subfield code="a">SSSL</subfield>
    <subfield code="b">SSSL</subfield>
    <subfield code="c">TXT</subfield>
    <subfield code="d">2016-09-05</subfield>
    <subfield code="e">AHUJA BOOK</subfield>
    <subfield code="g">695.00</subfield>
    <subfield code="i">SGTU</subfield>
    <subfield code="l">25</subfield>
    <subfield code="o">546,MAL</subfield>
    <subfield code="p">PS2360</subfield>
    <subfield code="r">2022-12-22 00:00:00</subfield>
    <subfield code="s">2022-10-29</subfield>
    <subfield code="w">2016-08-16</subfield>
    <subfield code="y">FPS</subfield>
    <subfield code="k">7161</subfield>
  </datafield>
  <datafield tag="952" ind1=" " ind2=" ">
    <subfield code="0">0</subfield>
    <subfield code="1">0</subfield>
    <subfield code="2">ddc</subfield>
    <subfield code="4">0</subfield>
    <subfield code="7">0</subfield>
    <subfield code="8">FS</subfield>
    <subfield code="a">SSSL</subfield>
    <subfield code="b">SSSL</subfield>
    <subfield code="c">TXT</subfield>
    <subfield code="d">2016-09-05</subfield>
    <subfield code="e">AHUJA BOOK</subfield>
    <subfield code="g">695.00</subfield>
    <subfield code="i">SGTU</subfield>
    <subfield code="l">40</subfield>
    <subfield code="m">1</subfield>
    <subfield code="o">546,MAL</subfield>
    <subfield code="p">PS2361</subfield>
    <subfield code="r">2025-05-24 00:00:00</subfield>
    <subfield code="s">2025-02-21</subfield>
    <subfield code="w">2016-08-16</subfield>
    <subfield code="y">FPS</subfield>
    <subfield code="k">7161</subfield>
  </datafield>
  <datafield tag="952" ind1=" " ind2=" ">
    <subfield code="0">0</subfield>
    <subfield code="1">0</subfield>
    <subfield code="2">ddc</subfield>
    <subfield code="4">0</subfield>
    <subfield code="7">0</subfield>
    <subfield code="8">FS</subfield>
    <subfield code="a">SSSL</subfield>
    <subfield code="b">SSSL</subfield>
    <subfield code="c">TXT</subfield>
    <subfield code="d">2016-09-05</subfield>
    <subfield code="e">AHUJA BOOK</subfield>
    <subfield code="g">695.00</subfield>
    <subfield code="i">SGTU</subfield>
    <subfield code="l">35</subfield>
    <subfield code="o">546,MAL</subfield>
    <subfield code="p">PS2362</subfield>
    <subfield code="r">2023-11-06 00:00:00</subfield>
    <subfield code="s">2022-05-17</subfield>
    <subfield code="w">2016-08-16</subfield>
    <subfield code="y">FPS</subfield>
    <subfield code="k">7161</subfield>
  </datafield>
  <datafield tag="952" ind1=" " ind2=" ">
    <subfield code="0">0</subfield>
    <subfield code="1">0</subfield>
    <subfield code="2">ddc</subfield>
    <subfield code="4">0</subfield>
    <subfield code="7">1</subfield>
    <subfield code="8">FS</subfield>
    <subfield code="a">SSSL</subfield>
    <subfield code="b">SSSL</subfield>
    <subfield code="c">REF</subfield>
    <subfield code="d">2016-09-05</subfield>
    <subfield code="e">AHUJA BOOK</subfield>
    <subfield code="g">695.00</subfield>
    <subfield code="i">SGTU</subfield>
    <subfield code="l">2</subfield>
    <subfield code="o">546,MAL</subfield>
    <subfield code="p">PS2363</subfield>
    <subfield code="r">2019-04-09 00:00:00</subfield>
    <subfield code="s">2019-03-30</subfield>
    <subfield code="w">2016-08-16</subfield>
    <subfield code="y">FPS</subfield>
    <subfield code="k">7161</subfield>
  </datafield>
  <datafield tag="952" ind1=" " ind2=" ">
    <subfield code="0">0</subfield>
    <subfield code="1">0</subfield>
    <subfield code="2">ddc</subfield>
    <subfield code="4">0</subfield>
    <subfield code="7">0</subfield>
    <subfield code="8">FS</subfield>
    <subfield code="a">SSSL</subfield>
    <subfield code="b">SSSL</subfield>
    <subfield code="c">TXT</subfield>
    <subfield code="d">2016-09-05</subfield>
    <subfield code="e">AHUJA BOOK</subfield>
    <subfield code="g">695.00</subfield>
    <subfield code="i">SGTU</subfield>
    <subfield code="l">9</subfield>
    <subfield code="o">546,MAL</subfield>
    <subfield code="p">PS2364</subfield>
    <subfield code="r">2025-02-24 00:00:00</subfield>
    <subfield code="s">2025-02-21</subfield>
    <subfield code="w">2016-08-16</subfield>
    <subfield code="y">FPS</subfield>
    <subfield code="k">7161</subfield>
  </datafield>
  <datafield tag="999" ind1=" " ind2=" ">
    <subfield code="c">9842</subfield>
    <subfield code="d">9842</subfield>
  </datafield>
</record>
